Вып. 48; Вопросы химии и химической технологии

Dades bibliogràfiques
Parent link:Вопросы химии и химической технологии: республиканский межведомственный научно-технический сборник/ Днепропетровский химико-технологический институт им. Ф. Э. Дзержинского; отв. ред. М. А. Лошкарев. Вып. 48.— , 1965-1991
Altres autors: Лошкарев М. А. (редактор)
Sumari:Рефераты в конце сборника с. 1-9
Idioma:rus
Publicat: Харьков, Вища школа, 1977
Matèries:
Format: MixedMaterials Llibre
KOHA link:https://koha.lib.tpu.ru/cgi-bin/koha/opac-detail.pl?biblionumber=675709

MARC

LEADER 00000nam2a2200000 4500
001 675709
005 20241019161553.0
035 |a (RuTPU)RU\TPU\book\313743 
090 |a 675709 
100 |a 20241019d1977 k||y0rusy5003 ca 
101 0 |a rus 
102 |a UA 
105 |a a z 001zy 
181 0 |a i   |b  e  
182 0 |a n 
183 0 |a nc  |2 RDAcarrier 
200 0 |a Вып. 48  |f отв. ред. М. А. Лошкарев 
210 |a Харьков  |c Вища школа  |c Изд-во при Харьковском ун-те  |d 1977 
215 |a 140 с. 
283 |a volume 
320 |a Библиография в конце статей 
330 |a Рефераты в конце сборника с. 1-9 
461 1 |0 (RuTPU)RU\TPU\book\110873  |t Вопросы химии и химической технологии  |o республиканский межведомственный научно-технический сборник  |f Днепропетровский химико-технологический институт им. Ф. Э. Дзержинского; отв. ред. М. А. Лошкарев  |v Вып. 48  |d 1965-1991 
606 |a Химия  |2 stltpush  |3 (RuTPU)RU\TPU\subj\17362  |9 43035 
606 |a Химическая технология  |x Общие вопросы  |2 stltpush  |3 (RuTPU)RU\TPU\subj\68259  |9 83693 
610 1 |a органические соединения 
610 1 |a синтез 
610 1 |a рисовая солома 
610 1 |a дрожжи 
610 1 |a аминокислотный состав 
610 1 |a растворители 
610 1 |a изомеры 
610 1 |a кристаллизация 
610 1 |a взрывоопасность 
610 1 |a винил-н-бутиловый эфир 
610 1 |a ртуть 
610 1 |a комплексообразование 
610 1 |a фотометрическое определение 
610 1 |a уран 
610 1 |a кремний 
610 1 |a германий 
610 1 |a алюминат натрия 
610 1 |a шлаки 
610 1 |a переработка 
610 1 |a травление 
610 1 |a высоколегированная сталь 
610 1 |a азотноплавиковые растворы 
610 1 |a ПАВ 
610 1 |a цинкование 
610 1 |a электрохимическая стойкость 
610 1 |a гальванопластические осадки 
610 1 |a физико-химические свойства 
610 1 |a свинцовый анод 
610 1 |a коррозия 
610 1 |a фенолы 
610 1 |a гидрирование 
610 1 |a армированные пластики 
610 1 |a стеатитовые материалы 
610 1 |a проточные системы 
610 1 |a реактор 
610 1 |a смешение 
610 1 |a коксовый газ 
610 1 |a очистка 
610 1 |a витамины 
610 1 |a упаривание 
610 1 |a форсуночный ороситель 
610 1 |a струйно-вихревые аппараты 
610 1 |a кремний-органические мономеры 
675 |a 54  |v 3 
675 |a 66  |v 3 
702 |4 340  |a Лошкарев  |b М. А. 
801 0 |a RU  |b RuMRKP  |c 20241017  |g psbo 
801 1 |a RU  |b 63413507  |c 20241017 
801 2 |a RU  |b 63413507  |c 20241017  |g RCR 
850 |a 63413507 
942 |c CR